N'oubliez pas les paroles - Disney #1 - Statistiques

Statistiques générales
  • Ce quiz a été pris 715 fois
  • Le résultat moyen est 6 sur 15
Statistiques - réponses
Hint Réponse % Correct
L'hiver s'installe doucement dans la nuit... la neige est reine à son tour
85%
C'est moi simba c'est moi le roi... du royaume animal
76%
Hakuna Matata... mais quelle phrase magnifique
75%
Un peu d'eau fraîche et de verdure... que nous prodigue la nature
60%
Attaquons l'exercice... pour défaire les Huns
57%
Comment vous le dire, c'est pour vous les hommes... que j'ai créé l'univers
46%
Comme j'aimerais si je pouvais... partir là-bas
44%
Tu crois que la terre t'appartient toute entière... pour toi ce n'est qu'un tapis de poussière
38%
Un jour mon prince viendra... un jour on s'aimera
34%
Bande de veinards dégagez le bazar... vous allez voir ce que vous allez voir
32%
7 heures je me réveille et dehors il fait clair... vite je balaye il faut que la maison brille
21%
Les rêves des amoureux... sont comme le bon vin
13%
Qu'est-ce que je fais de mes chaussures ay mi amor, ay mi amor... tu dis mets-les sur ta tête
12%
Ton ami c'est moi... tu sais je suis ton ami
12%
Je t'informe que tu vas te faire dévorer... et par moi
9%
Aucun quiz correspondant
Distribution des résultats
% des personnes avec chaque résultat
Percentile par nombre de réponses
Votre historique - résultats
Vous n’avez pas pris ce quiz